| 000 | 00933nam a22002537a 4500 | ||
|---|---|---|---|
| 003 | NALT | ||
| 005 | 20210429120658.0 | ||
| 008 | s2006 eng d | ||
| 020 | _a9781594602085 | ||
| 040 | _aNALT | ||
| 041 | _aeng | ||
| 090 |
_aKO 109.G35.U6 _bR53T 2006 |
||
| 100 | 1 |
_aRice, G. William _951792 |
|
| 245 | 1 | 0 |
_aTribal governmental gaming law : _bcases and materials / _cG. William Rice. |
| 260 |
_aDurham, North Carolina : _bCarolina Acadcmic Press, _c2006 |
||
| 300 |
_a832 p. ; _c26 cm. |
||
| 610 | 0 |
_951797 _aUnited States. _bIndian Gaming Regulatory Act |
|
| 650 | 0 |
_aIndians of North America _951793 _xGovernment relations |
|
| 650 | 0 |
_aIndians of North America _951794 _vCases _xGambling |
|
| 650 | 0 |
_aGambling on Indian reservations _951795 _xLaw and legislation _zUnited States |
|
| 850 | _aNALT | ||
| 942 |
_cLB _2lcc |
||
| 998 |
_bชวนพิชญ์ รัตนาไพบูลย์ _c103 _j109 _k อารีรัตน์ วิชาช่าง |
||
| 999 |
_c58802 _d58802 |
||